| 000 | 00590nam a22001817a 4500 | ||
|---|---|---|---|
| 999 |
_c193152 _d193152 |
||
| 005 | 20221017123046.0 | ||
| 010 | _aENG-135442 | ||
| 020 |
_a9789387253506 _c180.00 |
||
| 035 | _aEN-118974 | ||
| 037 | _bDBAD/PUB | ||
| 082 | _a480 | ||
| 100 | _aGarg, manoj kumar | ||
| 245 |
_aEnglish language/ _cby Manoj kumar garg |
||
| 260 |
_aNew Delhi _bkitab mahal publishers _c2019 |
||
| 270 |
_a8, hari sadan, (g.f.) 20, ansari road, daryaganj _bNew delhi _e110002 _k9810669341 _l011-23289285 _mkitab_mahal@hotmail.com |
||
| 300 |
_a264p. _c22cm(pbk) |
||
| 942 |
_2ddc _cEN _mGAR _h480 |
||